British Comedians Quiz by Clue - Statistics

General Stats
  • This quiz has been taken 143 times
  • The average score is 11 of 20
Answer Stats
Hint Answer % Correct
Is a team captain on "Would I Lie to You?" and married Victoria Coren in 2012. David Mitchell
89%
Is a team captain on "Would I Lie to You?" and starred in "Not Going Out". Lee Mack
88%
The Taskmaster. Greg Davies
79%
Comedy duo who host "I'm a Celebrity Get Me Out of Here". Ant and Dec
74%
Played a character whose sidekick was called Baldrick. Rowan Atkinson
65%
Sidekick of the above, and creator of "Taskmaster". Alex Horne
64%
A member of Monty Python who played Basil Fawlty in "Fawlty Towers". John Cleese
63%
Comedy duo known in part for hosting "The Great British Bake Off". Mel and Sue
63%
Starred as the Vicar in the "Vicar of Dibley". Dawn French
60%
Appeared in two episodes of "Doctor Who" and enjoys singing in cars. James Corden
60%
Played Maurice Moss in "The IT Crowd". Richard Ayoade
57%
Twice deceived Jon Richardson in the game "Carrot in a Box". Sean Lock
56%
First name shared by Barker and Corbett. Ronnie
55%
Starred as Jonathan Creek in a BBC drama of the same name. Alan Davies
48%
Has a show which shares her name, appeared in "Call the Midwife" and "Not Going Out". Miranda Hart
47%
Host's a "Big Show" with an average viewership of 6.5 million. Said show has him texting people using celebrities' smartphones. Michael McIntyre
43%
Starred in the Bond film "No Time to Die" and regular on "Mock the Week". Hugh Dennis
40%
Nicknamed himself the "German Comedy Ambassador". Henning Wehn
36%
In 2012 made a controversial statement about throwing battery acid at politicians. Jo Brand
17%
Went on a "Googlewhack Adventure" and met with many people who share his name. Dave Gorman
11%
No matching quizzes found
Score Distribution
Percent of People with Each Score
Percentile by Number Answered
Your Score History
You have not taken this quiz